000 00480nam a2200169 4500
001 136887
003 ES-MaACL
005 20230906195245.0
007 t|
008 070214s1973 sp r ||||1| spa d
100 1 _aSaid, Kurban.
_9101486
245 1 0 _aAli y Nino /
_cKurban Said ; traducción de Adolfo Martín.
260 _aBarcelona :
_bPlaza & Janés,
_c1973.
300 _a270 p. ;
_c20 cm.
700 1 _aMartín, Adolfo.
_977259
852 _aES-MaACL
_jC-52834
_bR.86189
999 _c136887
_d136887